|
|
|
|
| LEADER |
00000nam0a2200000 4500 |
| 001 |
15615 |
| 005 |
20240816111152.0 |
| 010 |
|
|
|a 5288006032
|
| 035 |
|
|
|a (RuTPU)RU\TPU\book\15727
|
| 035 |
|
|
|a BOOK00000415
|
| 090 |
|
|
|a 15615
|
| 100 |
|
|
|a 20011209d1991 k y0rusy50 ca
|
| 101 |
0 |
|
|a rus
|
| 102 |
|
|
|a RU
|
| 105 |
|
|
|a y z 000zy
|
| 200 |
1 |
|
|a Мировая политика 60-80-х годов 19 века
|e События и люди
|f К. Б. Виноградов
|
| 210 |
|
|
|a Москва
|c Изд-во ЛГУ
|d 1991
|
| 215 |
|
|
|a 168 с.
|
| 606 |
|
|
|a Международные отношения
|x История
|z 1918-1939
|9 81318
|
| 610 |
1 |
|
|a Всемирная история
|
| 610 |
1 |
|
|a 19 век
|
| 610 |
1 |
|
|a Суэцкий канал
|
| 610 |
1 |
|
|a Франко-Прусская война
|
| 610 |
1 |
|
|a Берлинский конгресс
|
| 686 |
|
|
|a Т3(0)5
|2 rubbk
|
| 700 |
|
1 |
|a Виноградов
|b К. Б.
|g Кирилл Борисович
|
| 801 |
|
0 |
|a RU
|b 63413507
|c 20011209
|g PSBO
|
| 801 |
|
2 |
|a RU
|b 63413507
|c 20200318
|g PSBO
|
| 942 |
|
|
|c BK
|